【1995年】人口が1000人未満の村 - Statistics

General Stats
  • This quiz has been taken 22 times
  • The average score is 26 of 42
Answer Stats
都道府県 人口 回答 % Correct
東京都 275人 御蔵島村
100%
東京都 237人 青ヶ島村
100%
鹿児島県 776人 十島村
95%
東京都 317人 利島村
95%
山梨県 981人 丹波山村
89%
奈良県 875人 野迫川村
89%
和歌山県 593人 北山村
84%
新潟県 474人 粟島浦村
84%
福島県 727人 檜枝岐村
79%
沖縄県 575人 北大東村
79%
鹿児島県 513人 三島村
79%
愛知県 198人 富山村
79%
長野県 756人 売木村
74%
高知県 680人 大川村
74%
沖縄県 968人 粟国村
68%
沖縄県 725人 渡嘉敷村
68%
長野県 660人 平谷村
68%
沖縄県 616人 渡名喜村
68%
愛媛県 319人 別子山村
68%
長野県 881人 上村
63%
島根県 802人 知夫村
63%
山梨県 611人 芦安村
63%
奈良県 871人 大塔村
58%
愛媛県 351人 魚島村
58%
岐阜県 507人 藤橋村
53%
岡山県 980人 上齋原村
47%
高知県 930人 本川村
47%
福岡県 917人 大島村
47%
長野県 889人 清内路村
47%
岐阜県 721人 坂内村
47%
山梨県 651人 芦川村
47%
鹿児島県 999人 鹿島村
42%
広島県 915人 吉和村
42%
和歌山県 659人 花園村
42%
島根県 514人 布施村
42%
岡山県 966人 富村
37%
岐阜県 856人 高根村
37%
福井県 824人 和泉村
37%
石川県 750人 尾口村
37%
岡山県 711人 阿波村
37%
岡山県 809人 中和村
32%
長野県 780人 浪合村
32%
No matching quizzes found
Score Distribution
Percent of People with Each Score
Percentile by Number Answered
Your Score History
You have not taken this quiz